Celebrities by Country - Artists - Statistics

General Stats
  • This quiz has been taken 215 times
    212 since last reset
  • The average score is 7 of 10
Answer Stats
Artist Country % Correct
Claude Monet France
96%
Leonardo Vinci Italy
94%
Pablo Picasso Spain
89%
Vincent Gogh Netherlands
84%
Norman Rockwell United States
77%
Frida Kahlo Mexico
75%
Wassily Kandinsky Russia
73%
Edvard Munch Norway
60%
Gustav Klimt Austria
56%
Paul Klee Switzerland
31%
No matching quizzes found
Score Distribution
Percent of People with Each Score
Percentile by Number Answered
Your Score History
You have not taken this quiz since the last reset